| 000 | 00887 a2200205 4500 | ||
|---|---|---|---|
| 001 | 56738 | ||
| 005 | 20260407155831.0 | ||
| 008 | 260407a1971 arg spa d | ||
| 003 | AR-UNSa-BCEJYS | ||
| 040 |
_aAR-UNSa-BCEJYS _bspa _cAR-UNSa-BCEJYS |
||
| 080 |
_a304.4 _xAspectos generales de las políticas y prácticas sociales y culturales (política social) |
||
| 245 | 1 | 0 |
_aPolitica y sociedad en una epoca de transición _pDe la sociedad tradicional a la sociedad de masa |
| 250 | _a4a. ed. | ||
| 264 | 1 |
_aBuenos Aires : _bPaidós _c1971 |
|
| 300 |
_a371 p. _c18 cm. |
||
| 505 | _a1. Introducción: problemas de teoría sociológica general – 2. Sociedad industria y sociedad tradicional – 3. Notas sobre la transición en américa latina – 4. Estudios sobre la Argentina en transición | ||
| 942 | _cBK | ||
| 590 | _aniveau_biblio:m niveau_hierar:0 | ||
| 100 | 1 | _aGermani, Gino | |
| 999 |
_c6028 _d6028 |
||